00764nam a2200229 a 450000100100000000500170001000800410002702000150006804000250008308200210010810000190012924000350014824500880018325000110027126000320028230000360031450000480035050000620039850400310046065000170049170000260050800004157620250520113530.0131011s1990 mx ac 001 0 spa d a9682431646 aDO-SdBNPbspacBNPHU a150bG315f, 19901 aGeldard, Frank10aFundamental of psychologylspa10aFundamentos de psicología /cFrank Arthur Geldard ; traducción Luis Lara Tapia. a2a ed. aMéxico :bTrillas,c1990. a496 p. :bil., retrs. ;c25 cm. aTraducción de: Fundamental of psychology. aLa biblioteca posee la segunda reimpresión, enero 1995. aBibliografía: p. 473-481 0aPsicología12aLara Tapia, Luisetr.